| 000 | 00574nam a2200205Ia 4500 | ||
|---|---|---|---|
| 003 | OSt | ||
| 005 | 20230429103211.0 | ||
| 008 | 210423s2009 xx 000 0 und d | ||
| 020 | _a81254036987 | ||
| 040 | _cAL | ||
| 041 | _aeng | ||
| 082 | _a658.1511 AROM | ||
| 100 |
_aARORA (M N). _980057 |
||
| 245 | _aCost and management accounting: theory and problems . | ||
| 260 |
_aMumbai _bHimalaya Publishing House _c2009 |
||
| 300 |
_avi,18.27 _bPB |
||
| 365 |
_b310 _cINR |
||
| 906 | _aaccounting: ; Cost ; management ; problems ; solutions. ; theory | ||
| 942 |
_2ddc _cBK |
||
| 999 |
_c157554 _d157554 |
||